| 000 | 00570nam a2200229Ia 4500 | ||
|---|---|---|---|
| 003 | IT-RoPAU | ||
| 008 | 120407s9999 xx 000 0 und d | ||
| 040 | _aIT-RoPAU | ||
| 040 | _cIT-RoPAU | ||
| 041 | _alat | ||
| 100 | _aBaldovino di Canterbury | ||
| 245 | _aLe sacrament de l’autel (De sacramento altaris) | ||
| 250 | _aParis | ||
| 260 | _aDu Cerf. | ||
| 260 | _c1963 | ||
| 300 | _c19.5 cm | ||
| 490 | _aSources Chretinnes 93 e 94 | ||
| 490 | _v2 | ||
| 600 | _a"t. I° 304 p. t. 2° 305-596 p. testo latino-francese" | ||
| 942 | _cBK | ||
| 999 |
_c23378 _d23378 |
||